01256 2200481 4500001002100000005001500021035002000036245009100056100001800147250000600165300003500171700001600206260004700222082000800269084001400277020002200291650003100313990001700344990001800361990001700379990001700396990001700413990001800430990001700448990001700465990001700482990001700499990001700516990001700533990001800550990001700568990001700585990001700602990001700619990001800636990001700654990001700671990001700688990001700705990001800722990001700740990001700757INLIS00000000000056620190115115905 a0010-01190000221 aSeri Bacaan IPA Untuk Anak :bMengenal Teknologi /cArfan Mutaqin; Editor, Sri Martina0 aArfan Mutaqin a- aiv, 60 hlm. :bilus. ;c25 cm.0 aSri Martina aBandung :bPT Graha Bandung Kencana,c2009 a600 a600 ARF s a978-602-8363-10-5 aTeknologi dan Ilmu Terapan a02051/H/2018 a020523/H/2018 a02054/H/2018 a02055/H/2018 a02056/H/2018 a020522/H/2018 a02051/H/2018 a02054/H/2018 a02055/H/2018 a02056/H/2018 a02053/H/2018 a02051/H/2018 a020522/H/2018 a02055/H/2018 a02056/H/2018 a02054/H/2018 a02051/H/2018 a020522/H/2018 a02053/H/2018 a02056/H/2018 a02055/H/2018 a02051/H/2018 a020522/H/2018 a02053/H/2018 a02054/H/2018